LEADER 01440nam 2200361Ia 450 001 996385321903316 005 20200824132318.0 035 $a(CKB)4940000000074695 035 $a(EEBO)2240961280 035 $a(OCoLC)ocm12033888e 035 $a(OCoLC)12033888 035 $a(EXLCZ)994940000000074695 100 $a19850514d1657 uy | 101 0 $aeng 135 $aurbn||||a|bb| 200 10$aMany strong reasons confounded, which would hinder any reasonable man from being a Quaker$b[electronic resource] $eand offences taken out of the way, but particularly foure and twenty arguments overturned and confuted, put forth and sent into the world by Richard Baxter, a professed minister, but a frequent contenter against the ways of God ... /$f... by ... E.B 210 $aLondon $cPrinted for Thomas Simmons ...$d1657 215 $a[2], 21 p 300 $aReproduction of original in Huntington Library. 300 $aAttributed to Edward Burrough. cf. BM. 330 $aeebo-0113 606 $aSociety of Friends$xDoctrines$vEarly works to 1800 615 0$aSociety of Friends$xDoctrines 700 $aBurrough$b Edward$f1634-1662.$01001305 801 0$bEAA 801 1$bEAA 801 2$bm/c 801 2$bUMI 801 2$bWaOLN 906 $aBOOK 912 $a996385321903316 996 $aMany strong reasons confounded, which would hinder any reasonable man from being a Quaker$92340454 997 $aUNISA LEADER 02422oas 2201057 a 450 001 9910895684303321 005 20260218110102.0 035 $a(DE-599)ZDB2517161-6 035 $a(OCoLC)426482929 035 $a(CONSER) 2011247755 035 $a(CKB)1000000000716631 035 $a(DE-599)2517161-6 035 $a(EXLCZ)991000000000716631 100 $a20090720b20082009 uy a 101 0 $aeng 135 $aur||||||||||| 181 $ctxt$2rdacontent 182 $cc$2rdamedia 183 $acr$2rdacarrier 200 00$aClinical medicine$iGeriatrics 210 $a[Auckland, NZ] $cLibertas Academica 300 $aRefereed/Peer-reviewed 311 08$a1178-217X 517 3 $aGeriatrics 531 1 $aClin med geriatr 606 $aAging$vPeriodicals 606 $aGeriatrics$vPeriodicals 606 $aAged 606 $aVieillissement$vPe?riodiques 606 $aGe?riatrie$vPe?riodiques 606 $aGeriatric Medicine$2ebps 606 $aAging$2fast$3(OCoLC)fst00800293 606 $aGeriatrics$2fast$3(OCoLC)fst00941257 608 $aPeriodical. 608 $aFulltext. 608 $aInternet Resources. 608 $aPeriodicals. 608 $aPeriodicals.$2fast 615 0$aAging 615 0$aGeriatrics 615 2$aAged. 615 6$aVieillissement 615 6$aGe?riatrie 615 7$aGeriatric Medicine. 615 7$aAging. 615 7$aGeriatrics. 676 $a618.97005 712 02$aLibertas Academica 801 0$bFQM 801 1$bFQM 801 2$bNTE 801 2$bHEBIS 801 2$bOCLCQ 801 2$bNZ1 801 2$bPFM 801 2$bCUS 801 2$bOCLCQ 801 2$bOCLCF 801 2$bOCLCQ 801 2$bOCLCO 801 2$bEUW 801 2$bOCLCO 801 2$bOCLCQ 801 2$bOCLCO 801 2$bOCLCQ 801 2$bUAB 801 2$bSTF 801 2$bCASUM 801 2$bXFH 801 2$bWT2 801 2$bOCLCQ 801 2$bOCLCO 801 2$bCRU 801 2$bOCLCQ 801 2$bOCLCO 801 2$bWYU 801 2$bVT2 801 2$bOCLCQ 801 2$bOCLCO 801 2$bOCLCA 801 2$bOCLCQ 801 2$bSRU 801 2$bBWN 801 2$bOCLCA 801 2$bOCLCQ 801 2$bUEJ 801 2$bOCLCL 906 $aJOURNAL 912 $a9910895684303321 996 $aClinical medicine$9806222 997 $aUNINA